[Event "NJSK 2019 Meisjes C"]
[Site "Assen, Netherlands"]
[Date "2019.04.30"]
[Round "3.6"]
[White "Maris, Evi"]
[Black "Velasco, Kathleen"]
[Result "1-0"]
[WhiteElo "1504"]
[BlackElo "1427"]
[PlyCount "73"]
[EventDate "2019.??.??"]

1. e4 e5 2. Nf3 Nc6 3. Bc4 Bc5 4. Nc3 Nf6 5. d3 h6 6. Be3 Bb6 7. Qd2 d6 8.
O-O-O Bg4 9. h3 Bxf3 10. gxf3 Nd4 11. f4 exf4 12. Bxf4 Ba5 13. e5 dxe5 14. Bxe5
Bxc3 15. bxc3 Nc6 16. Rde1 O-O 17. Rhg1 Kh7 18. Qf4 Nxe5 19. Rxe5 Qd6 20. Qg3
Ne8 21. f4 Qg6 22. Qf2 Qf6 23. h4 Nd6 24. Bb3 Rfe8 25. d4 Re7 26. h5 Rae8 27.
Qg3 Ne4 28. Qd3 Qxf4+ 29. Kb2 Rxe5 30. dxe5 f5 31. exf6 Qxf6 32. Rf1 Qe5 33.
Bf7 Rb8 34. Bg6+ Kg8 35. Bxe4 Qxh5 36. Rg1 c5 37. Qg3 1-0

[Event "NJSK 2019 Meisjes C"]
[Site "Assen, Netherlands"]
[Date "2019.04.30"]
[Round "3.7"]
[White "Bruggink, Lyne"]
[Black "Venema, Katja"]
[Result "1-0"]
[WhiteElo "1434"]
[BlackElo "1166"]
[PlyCount "157"]
[EventDate "2019.??.??"]

1. e4 e5 2. Nf3 Nc6 3. Bb5 a6 4. Ba4 Bc5 5. O-O Nf6 6. d3 d6 7. Bg5 h6 8. Bh4
Bg4 9. c3 b5 10. Bc2 Qe7 11. h3 Bh5 12. Nbd2 O-O 13. Bb3 Na5 14. Bd5 c6 15. b4
Bxb4 16. cxb4 cxd5 17. bxa5 d4 18. Qb3 Rac8 19. Rac1 Rfd8 20. Bg3 Re8 21. Nh4
Nd7 22. Nf5 Qf6 23. Qd5 Rxc1 24. Rxc1 Nc5 25. Nxd6 Rd8 26. Bxe5 Qg5 27. Qxc5
Qxd2 28. Bxd4 Rxd6 29. Be3 Qxd3 30. Qxh5 Rd8 31. Qg4 Qd6 32. Bf4 Qf6 33. e5 Qe6
34. Qxe6 fxe6 35. Rc6 Kf7 36. Rxa6 Rd4 37. Bg3 Ra4 38. Ra7+ Kg6 39. a6 Rxa2 40.
Rb7 Rxa6 41. Rxb5 h5 42. Kf1 Kf5 43. Rb7 g5 44. Rf7+ Kg6 45. Rf6+ Kg7 46. f4
gxf4 47. Bxf4 Rc6 48. Kf2 Rc2+ 49. Kg3 Rc3+ 50. Kh4 Rc4 51. Kxh5 Rc6 52. g4 Kh7
53. h4 Kg7 54. g5 Rb6 55. g6 Ra6 56. Rf7+ Kg8 57. Kh6 Ra8 58. Kg5 Ra5 59. Kf6
Ra4 60. Kg5 Ra5 61. h5 Rxe5+ 62. Kh6 Ra5 63. Rb7 Ra8 64. Rb8+ Rxb8 65. Bxb8 e5
66. Bxe5 Kf8 67. Kh7 Ke7 68. g7 Ke6 69. g8=Q+ Kf5 70. Qg7 Ke4 71. Qf6 Kd5 72.
Qd6+ Ke4 73. Kg6 Kf3 74. Qd3+ Kf2 75. Bf4 Kg2 76. Qg3+ Kf1 77. Qh2 Ke1 78. Be3
Kd1 79. Qd2# 1-0

[Event "NJSK 2019 Meisjes C"]
[Site "Assen, Netherlands"]
[Date "2019.04.30"]
[Round "3.9"]
[White "Tangarife Ramirez, Katja"]
[Black "Ubbink, Anouk"]
[Result "1/2-1/2"]
[WhiteElo "1348"]
[BlackElo "1304"]
[PlyCount "69"]
[EventDate "2019.??.??"]

1. d4 d5 2. Bf4 Nf6 3. e3 e6 4. Nf3 c6 5. c3 Be7 6. Nbd2 Nbd7 7. h3 b6 8. Bd3
Bb7 9. O-O O-O 10. Qe2 Rc8 11. e4 dxe4 12. Nxe4 Nxe4 13. Qxe4 Nf6 14. Qe2 c5
15. dxc5 Bxc5 16. Rad1 Qe8 17. Ne5 Nd5 18. Bh2 f6 19. Bb5 Qe7 20. Nf3 e5 21.
Bc4 Rfd8 22. b4 Kh8 23. Bxd5 Bxf2+ 24. Qxf2 Bxd5 25. Qe3 Bxa2 26. Rd2 Bb3 27.
Rb1 Bc4 28. Rbd1 Kg8 29. Rxd8+ Rxd8 30. Rxd8+ Qxd8 31. Qe4 Qd1+ 32. Qe1 Qxe1+
33. Nxe1 Kf7 34. Kf2 Ke6 35. Ke3 1/2-1/2

[Event "NJSK 2019 Meisjes C"]
[Site "Assen, Netherlands"]
[Date "2019.05.01"]
[Round "4.3"]
[White "Honkoop, Stella"]
[Black "Maris, Evi"]
[Result "1-0"]
[WhiteElo "1600"]
[BlackElo "1504"]
[PlyCount "191"]
[EventDate "2019.??.??"]

1. d4 d5 2. Bf4 c5 3. c3 Nc6 4. e3 Nf6 5. Nd2 Bf5 6. Ngf3 e6 7. Be2 Be7 8. Ne5
O-O 9. h4 Nxe5 10. dxe5 Nd7 11. h5 f6 12. g4 fxe5 13. Bg3 Be4 14. f3 Bxf3 15.
Nxf3 e4 16. Ng1 Bf6 17. Qd2 Qb6 18. Rb1 d4 19. cxd4 cxd4 20. Bf2 dxe3 21. Bxe3
Qd8 22. g5 Be5 23. Nh3 Bg3+ 24. Bf2 Bxf2+ 25. Nxf2 Qb6 26. Nxe4 Ne5 27. Qd6
Qa5+ 28. Nc3 Rad8 29. b4 Rxd6 30. bxa5 b6 31. axb6 axb6 32. Rd1 Rxd1+ 33. Nxd1
Rf5 34. Rg1 Nf7 35. g6 hxg6 36. hxg6 Ne5 37. Kd2 Rf6 38. Bh5 Kf8 39. Ke2 Ke7
40. Ne3 b5 41. a3 Rf4 42. Rb1 Rh4 43. Bf3 Nxg6 44. Rxb5 Rh2+ 45. Bg2 Nf4+ 46.
Kf2 Rh8 47. Rb7+ Kf6 48. Ng4+ Kf5 49. Ne3+ Kf6 50. Kf3 Nd3 51. Ng4+ Kg5 52.
Rxg7+ Kf5 53. Ne3+ Kf6 54. Ra7 Ne5+ 55. Ke2 Rb8 56. Rb7 Ra8 57. Rf7+ Nxf7 58.
Bxa8 Ke7 59. Kd3 Kd7 60. Nc4 Kc7 61. Kd4 Kb8 62. Be4 Ka7 63. Kc5 Nd8 64. Nd6 e5
65. Bd5 Ka6 66. Kb4 Ka7 67. Kb5 e4 68. Nxe4 Nb7 69. a4 Kb8 70. Nc5 Nd6+ 71. Ka6
Nc8 72. Bb7 Nd6 73. Bc6 Nc4 74. Bb5 Nd6 75. Kb6 Nc8+ 76. Ka6 Nd6 77. Bd7 Nc4
78. Kb5 Nd6+ 79. Kc6 Nc4 80. Be6 Ne5+ 81. Kb6 Ka8 82. a5 Kb8 83. Nd7+ Nxd7+ 84.
Bxd7 Ka8 85. Bc6+ Kb8 86. a6 Kc8 87. a7 Kd8 88. a8=Q+ Ke7 89. Qe8+ Kf6 90. Be4
Kg5 91. Qf7 Kg4 92. Qf3+ Kg5 93. Qf5+ Kh4 94. Qg6 Kh3 95. Qg5 Kh2 96. Qg2# 1-0

[Event "NJSK 2019 Meisjes C"]
[Site "Assen, Netherlands"]
[Date "2019.05.01"]
[Round "4.7"]
[White "Venema, Katja"]
[Black "Bogouslavskii, Veronique"]
[Result "1-0"]
[WhiteElo "1166"]
[BlackElo "1397"]
[PlyCount "117"]
[EventDate "2019.??.??"]

1. d4 d5 2. c4 e6 3. cxd5 exd5 4. Nc3 Nf6 5. Nf3 Nc6 6. g3 Bb4 7. Bg2 Ne4 8.
Qc2 Bf5 9. Qb3 a5 10. O-O O-O 11. a4 Nf6 12. Bg5 Be6 13. Rad1 h6 14. Bf4 Re8
15. Nb5 Re7 16. Ne5 Na7 17. Nc3 Bxc3 18. Qxc3 c6 19. Nd3 Bg4 20. f3 Bf5 21.
Rfe1 Nc8 22. Qc5 Qe8 23. Kf2 Re6 24. Ne5 Nd7 25. Nxd7 Qxd7 26. e4 dxe4 27. fxe4
Bg4 28. Rd3 Qe8 29. h3 Bh5 30. Qxh5 Nd6 31. Bxd6 Rxd6 32. Qc5 Re6 33. Bf3 Qe7
34. Qxe7 Rxe7 35. d5 Rd8 36. d6 Re6 37. e5 Kf8 38. Bg4 Ree8 39. Rb3 Rb8 40. d7
Red8 41. e6 fxe6 42. Bxe6 Ke7 43. Rf3 Rf8 44. Bg4+ Kd6 45. Rxf8 Rxf8+ 46. Kg2
h5 47. Re8 Rxe8 48. dxe8=Q hxg4 49. hxg4 b5 50. axb5 cxb5 51. Qxb5 g5 52. Qxa5
Kd7 53. b4 Kc8 54. Qa7 Kd8 55. b5 Kc8 56. b6 Kd8 57. Qc7+ Ke8 58. b7 Kf8 59.
b8=R# 1-0

[Event "NJSK 2019 Meisjes C"]
[Site "Assen, Netherlands"]
[Date "2019.05.01"]
[Round "4.8"]
[White "Tangarife Ramirez, Katja"]
[Black "Molanus, Eva"]
[Result "1/2-1/2"]
[WhiteElo "1348"]
[BlackElo "1268"]
[PlyCount "50"]
[EventDate "2019.??.??"]

1. d4 Nf6 2. Bf4 e6 3. e3 c5 4. c3 b6 5. Nf3 Bb7 6. Bd3 Be7 7. O-O O-O 8. Nbd2
cxd4 9. cxd4 Nh5 10. Bg3 Nxg3 11. hxg3 d6 12. Qe2 Nd7 13. Rac1 g6 14. Kh2 Bf6
15. Ne4 Bg7 16. Nxd6 Bd5 17. b3 Qe7 18. Ne4 f5 19. Ned2 e5 20. dxe5 Nxe5 21.
Nxe5 Bxe5 22. Nf3 Bd6 23. Bc4 Bxc4 24. Qxc4+ Qf7 25. Qxf7+ Rxf7 1/2-1/2

[Event "NJSK 2019 Meisjes C"]
[Site "Assen, Netherlands"]
[Date "2019.05.01"]
[Round "4.9"]
[White "Ubbink, Anouk"]
[Black "Verheij, Dana"]
[Result "0-1"]
[WhiteElo "1304"]
[BlackElo "1605"]
[PlyCount "42"]
[EventDate "2019.??.??"]

1. e4 c5 2. d4 cxd4 3. c3 d3 4. Bxd3 Nc6 5. Nf3 d6 6. Nbd2 g6 7. Nb3 Bg7 8. Be3
Nf6 9. h3 O-O 10. Qd2 a6 11. a4 Qc7 12. Nbd4 e5 13. Nxc6 bxc6 14. O-O-O Be6 15.
Nh4 Rfb8 16. Bb1 Qb7 17. f4 Bb3 18. Rdf1 Bxa4 19. fxe5 dxe5 20. Bc5 Bh6 21. Rf2
Qxb2# 0-1

[Event "NJSK 2019 Meisjes C"]
[Site "Assen, Netherlands"]
[Date "2019.05.02"]
[Round "5.4"]
[White "Venema, Katja"]
[Black "Mensing, Luana"]
[Result "1-0"]
[WhiteElo "1166"]
[BlackElo "1552"]
[PlyCount "185"]
[EventDate "2019.??.??"]

1. d4 d5 2. c4 c6 3. Nc3 e6 4. Bf4 Nf6 5. e3 Be7 6. Bd3 dxc4 7. Bxc4 b5 8. Bd3
Bb7 9. Nf3 Nbd7 10. O-O O-O 11. a3 a6 12. Qe2 Nh5 13. Be5 Nhf6 14. Bf4 Nd5 15.
Nxd5 exd5 16. Ne5 Nxe5 17. Bxe5 Bf6 18. Bf4 g6 19. Qf3 Rc8 20. b4 Bg7 21. Qg3
Re8 22. h4 Kh8 23. Qh3 h5 24. Bg5 Bf6 25. f4 Bxg5 26. fxg5 Rc7 27. Qf3 Bc8 28.
Rac1 Qe7 29. Rfe1 Be6 30. Qf4 Bg4 31. Rb1 Kg8 32. Kh2 Ra7 33. Rbc1 Qc7 34. Qxc7
Rxc7 35. Rc3 Kg7 36. Bc2 Re6 37. Bb3 Ra7 38. a4 f6 39. gxf6+ Rxf6 40. axb5 axb5
41. Rec1 Ra6 42. Bc2 Bf5 43. Bxf5 gxf5 44. Kg3 Kg6 45. Kf4 Re6 46. g3 Ra2 47.
R1c2 Ra6 48. Rc1 Rf6 49. R1c2 Kf7 50. Rg2 Ra1 51. Rb3 Rf1+ 52. Kg5 Rg6+ 53.
Kxh5 Rg8 54. g4 Kf6 55. g5+ Kf7 56. g6+ Kf6 57. g7 Rxg7 58. Rxg7 Kxg7 59. Kg5
Kf7 60. Rc3 Rg1+ 61. Kxf5 Rg6 62. Rc1 Rh6 63. Kg5 Kg7 64. h5 Re6 65. Re1 Kf7
66. h6 Rg6+ 67. Kh5 Rg2 68. Rf1+ Ke6 69. Rh1 Kf6 70. h7 Kg7 71. Rc1 Rh2+ 72.
Kg4 Rg2+ 73. Kf3 Rg6 74. Rh1 Kh8 75. Kf4 Re6 76. Rh5 Re4+ 77. Kf3 Re7 78. Rh6
Rc7 79. Kf4 Rc8 80. Ke5 Re8+ 81. Re6 Rxe6+ 82. Kxe6 Kxh7 83. Kd6 Kg6 84. Kxc6
Kf5 85. Kxd5 Kf6 86. e4 Ke7 87. Kc6 Kd8 88. e5 Kc8 89. e6 Kd8 90. d5 Ke8 91.
Kc7 Ke7 92. d6+ Kxe6 93. d7 1-0

[Event "NJSK 2019 Meisjes C"]
[Site "Assen, Netherlands"]
[Date "2019.05.02"]
[Round "5.5"]
[White "Maris, Evi"]
[Black "Jonkman, Amelia"]
[Result "0-1"]
[WhiteElo "1504"]
[BlackElo "1395"]
[PlyCount "190"]
[EventDate "2019.??.??"]

1. e4 e6 2. d4 d5 3. exd5 exd5 4. Nf3 Bd6 5. c4 Nf6 6. Nc3 c6 7. Bg5 Be6 8.
cxd5 cxd5 9. Qb3 b6 10. Bxf6 gxf6 11. Bb5+ Kf8 12. O-O-O a6 13. Bd3 b5 14. Qc2
h6 15. Bf5 Qd7 16. g4 Bf4+ 17. Kb1 Ra7 18. Ne2 Bxf5 19. gxf5 Rc7 20. Qd3 Bg5
21. h4 Qd6 22. hxg5 fxg5 23. Nxg5 Qf6 24. Nf3 Nd7 25. Nf4 Qd6 26. Nh5 Rg8 27.
Rde1 Nf6 28. Nxf6 Qxf6 29. Ne5 Rg7 30. Qa3+ Kg8 31. Qh3 Rh7 32. Rhg1+ Kh8 33.
Nf3 Rc8 34. Rg2 Rg7 35. Rh2 Rh7 36. Rg1 Rg8 37. Rgh1 Rgg7 38. Qf1 Qxf5+ 39. Ka1
Qxf3 40. Rh3 Qf6 41. Rh4 Rg6 42. a3 Rhg7 43. Qh3 Kh7 44. Qd3 Kh8 45. Qh3 Rh7
46. Qe3 Qe6 47. Qf4 Qf6 48. Qe3 Qg7 49. Qe8+ Qg8 50. Qe3 Rg1+ 51. Rxg1 Qxg1+
52. Ka2 Qg5 53. Qe8+ Kg7 54. Rh2 h5 55. Qe2 Rh6 56. Qf3 Kf8 57. Qc3 Qf5 58.
Qc5+ Kg8 59. Qe7 Re6 60. Rg2+ Rg6 61. Rh2 Kh7 62. Qe2 Kh6 63. Qe8 Qf6 64. Qe2
Qg5 65. Qe8 Qf6 66. Qe2 Rg5 67. Qe8 Qxd4 68. Qxf7 Qg7 69. Qe6+ Qg6 70. Qe3 Qf7
71. Qb6+ Qg6 72. Qe3 Kh7 73. Qa7+ Kh6 74. f4 Rf5 75. Qd4 Qf6 76. Qd1 h4 77. Qg4
Rxf4 78. Qe2 Re4 79. Qd2+ Qg5 80. Qa5 Re6 81. a4 d4 82. axb5 axb5 83. Qb4 Ra6+
84. Kb1 Qg1+ 85. Kc2 Qxh2+ 86. Kd3 Qg3+ 87. Ke4 Rf6 88. Qd2+ Kh5 89. Qe2+ Qg4+
90. Qxg4+ Kxg4 91. Kxd4 h3 92. Kc5 h2 93. Kxb5 h1=Q 94. b4 Qc6+ 95. Ka5 Qa6#
0-1

[Event "NJSK 2019 Meisjes C"]
[Site "Assen, Netherlands"]
[Date "2019.05.02"]
[Round "5.8"]
[White "Bogouslavskii, Veronique"]
[Black "Tangarife Ramirez, Katja"]
[Result "1/2-1/2"]
[WhiteElo "1397"]
[BlackElo "1348"]
[PlyCount "118"]
[EventDate "2019.??.??"]

1. e4 g6 2. Nf3 Bg7 3. d4 d6 4. Nc3 Nf6 5. Bc4 Nxe4 6. Nxe4 d5 7. Bxd5 Qxd5 8.
Nc3 Qd8 9. O-O O-O 10. Bf4 c6 11. Qd2 Bg4 12. Ne5 Bf5 13. Ne2 Nd7 14. Nxd7 Qxd7
15. Ng3 Qxd4 16. Qxd4 Bxd4 17. c3 Bg7 18. Nxf5 gxf5 19. Rfe1 e6 20. Rad1 Rad8
21. Bc7 Rd5 22. Rxd5 cxd5 23. Be5 Bxe5 24. Rxe5 Kg7 25. Re3 Rg8 26. Rd3 Kf6 27.
Rh3 Rg7 28. Rh4 Ke5 29. Ra4 a6 30. Rb4 b5 31. a4 bxa4 32. Rxa4 f4 33. f3 Rg8
34. Rxa6 Rb8 35. Ra2 h5 36. Kf2 h4 37. h3 f6 38. b4 d4 39. Ra5+ Kd6 40. cxd4
Rxb4 41. Rh5 Rxd4 42. Rxh4 Rd2+ 43. Kf1 e5 44. Rh8 Ke7 45. Rg8 Rd1+ 46. Ke2 Rh1
47. Rg7+ Kf8 48. Rd7 Kg8 49. Rd1 Rxd1 50. Kxd1 Kg7 51. Ke2 f5 52. Kd3 Kf6 53.
Kc4 Ke6 54. Kc5 e4 55. fxe4 fxe4 56. Kd4 Kf5 57. h4 f3 58. gxf3 exf3 59. Ke3
Kg4 1/2-1/2

[Event "NJSK 2019 Meisjes C"]
[Site "Assen, Netherlands"]
[Date "2019.05.02"]
[Round "5.9"]
[White "Maris, Lauri"]
[Black "Ubbink, Anouk"]
[Result "1-0"]
[WhiteElo "1450"]
[BlackElo "1304"]
[PlyCount "76"]
[EventDate "2019.??.??"]

1. e4 c5 2. g3 d6 3. Bg2 Nf6 4. Nc3 g6 5. f4 Nc6 6. d3 Bg7 7. Nge2 O-O 8. O-O
a6 9. Kh1 b5 10. e5 dxe5 11. Bxc6 Rb8 12. Ne4 exf4 13. Nxf6+ Bxf6 14. Nxf4 Qc7
15. Qf3 e6 16. Ng2 Bg7 17. Bf4 e5 18. Be3 Rb6 19. Bd5 Be6 20. Bxe6 Rxe6 21. Qf2
Rc6 22. Qd2 Rd8 23. Bh6 Bh8 24. Qe2 Qe7 25. Rae1 g5 26. Qh5 Rg6 27. Rf5 f6 28.
h4 Qd7 29. Ref1 gxh4 30. Qxh4 Qc6 31. Be3 Rd7 32. Qe4 Qxe4 33. dxe4 c4 34. Kh2
Rdg7 35. R5f3 h5 36. Nh4 Rg4 37. Nf5 Rh7 38. Nh6+ Kf8 1-0

[Event "NJSK 2019 Meisjes C"]
[Site "Assen, Netherlands"]
[Date "2019.05.03"]
[Round "6.4"]
[White "Morote, Luna"]
[Black "Venema, Katja"]
[Result "1-0"]
[WhiteElo "1547"]
[BlackElo "1166"]
[PlyCount "107"]
[EventDate "2019.??.??"]

1. e4 e5 2. Nf3 Nc6 3. Bb5 a6 4. Ba4 Nf6 5. d3 d6 6. c3 Bd7 7. Nbd2 g6 8. O-O
Bg7 9. Re1 O-O 10. Nf1 Qe7 11. Bb3 Na5 12. Bc2 Be6 13. Ng3 Qd7 14. d4 exd4 15.
cxd4 Bc4 16. Bd2 b6 17. Bxa5 bxa5 18. Ba4 Bb5 19. Bc2 Rfe8 20. Rc1 a4 21. Bd3
Rac8 22. h3 h5 23. Rc2 Nh7 24. Qd2 d5 25. e5 c6 26. Rc5 Kh8 27. Rec1 Kg8 28. a3
Kh8 29. Qc2 Bh6 30. Rd1 Bf8 31. Rc3 Bg7 32. Qb1 Kg8 33. Bc2 Qe7 34. Nxh5 Ng5
35. Nxg5 Qxg5 36. Nxg7 Kxg7 37. Qc1 Qe7 38. Bd3 Qe6 39. Bxb5 axb5 40. Rd2 Re7
41. Rdc2 Rec7 42. Rc5 Qd7 43. Qf4 Qe6 44. R2c3 Rb7 45. Qc1 Rb6 46. Kf1 f6 47.
Re3 b4 48. Ra5 bxa3 49. Rxa3 fxe5 50. Ra7+ Kg8 51. Qh6 Qf6 52. Qh7+ Kf8 53. Rf3
Qxf3 54. Qh8# 1-0

[Event "NJSK 2019 Meisjes C"]
[Site "Assen, Netherlands"]
[Date "2019.05.03"]
[Round "6.7"]
[White "Bogouslavskii, Veronique"]
[Black "Maris, Evi"]
[Result "1-0"]
[WhiteElo "1397"]
[BlackElo "1504"]
[PlyCount "167"]
[EventDate "2019.??.??"]

1. e4 e5 2. Nf3 Nc6 3. Bc4 Bc5 4. b4 Bxb4 5. c3 Bc5 6. d4 exd4 7. O-O dxc3 8.
Qd5 Qe7 9. Nxc3 Nf6 10. Qd1 O-O 11. Bg5 d6 12. Nd5 Qd8 13. Nxf6+ gxf6 14. Bh4
Bg4 15. Qd3 Bh5 16. Qc3 Kg7 17. Rad1 Qe7 18. Rd5 Bg6 19. Rg5 Bb4 20. Qb2 Ba3
21. Rxg6+ fxg6 22. Qxa3 Qxe4 23. Qb3 Na5 24. Bd5 Qf5 25. Qd1 c6 26. Bb3 d5 27.
Bc2 Qd7 28. Bg3 c5 29. Qd2 Nc4 30. Qc3 b5 31. Rd1 b4 32. Qxc4 Qe7 33. Qf1 d4
34. Bb3 a5 35. Bc4 a4 36. Qe1 Qd7 37. Qe6 Qa7 38. Qd6 Rfc8 39. Qf4 Rab8 40. Qc1
Rb6 41. Qb1 Qb7 42. Nd2 h5 43. h3 g5 44. Qe4 Qd7 45. Re1 Kf8 46. Be6 Rxe6 47.
Qxe6 Qxe6 48. Rxe6 Kf7 49. Ra6 a3 50. Ra7+ Ke6 51. Rc7 Rxc7 52. Bxc7 g4 53.
hxg4 hxg4 54. Kf1 Kd5 55. Ke2 c4 56. Bb6 c3 57. Nb3 Kc4 58. Bxd4 f5 59. Bc5 Kb5
60. Kd3 f4 61. Be7 f3 62. gxf3 gxf3 63. Ke3 Kc4 64. Bf6 Kd5 65. Kxf3 Kc4 66.
Ke3 Kb5 67. Be7 Kc4 68. f4 Kd5 69. Bxb4 c2 70. Bxa3 c1=Q+ 71. Bxc1 Ke6 72. a4
Kd6 73. a5 Kc6 74. f5 Kd6 75. a6 Kc7 76. f6 Kd7 77. a7 Ke6 78. Bb2 Kd7 79. a8=Q
Ke6 80. Qe8+ Kf5 81. f7 Kg5 82. f8=R Kg4 83. Qg6+ Kh3 84. Rh8# 1-0

[Event "NJSK 2019 Meisjes C"]
[Site "Assen, Netherlands"]
[Date "2019.05.03"]
[Round "6.8"]
[White "Bruggink, Lyne"]
[Black "Tangarife Ramirez, Katja"]
[Result "1-0"]
[WhiteElo "1434"]
[BlackElo "1348"]
[PlyCount "91"]
[EventDate "2019.??.??"]

1. e4 g6 2. d4 Bg7 3. Nf3 d6 4. Bf4 Nf6 5. Nc3 O-O 6. Be2 c6 7. Bd3 Bg4 8. h3
Bxf3 9. Qxf3 Qb6 10. Ne2 Qxb2 11. O-O Qb6 12. e5 dxe5 13. Bxe5 Nbd7 14. Rfb1
Qa5 15. Bxf6 Bxf6 16. Rxb7 Nc5 17. Rbb1 Nxd3 18. Qxd3 Rab8 19. Rb3 Rxb3 20.
Qxb3 Qd2 21. Qc4 Rd8 22. Rb1 Bxd4 23. Nxd4 Rxd4 24. Qxc6 Rf4 25. Qc5 e5 26.
Rb8+ Kg7 27. Qxe5+ Rf6 28. Rg8+ Kxg8 29. Qxf6 Qa5 30. c4 Qc5 31. Qd8+ Kg7 32.
Qb8 Qxc4 33. Qxa7 Qc1+ 34. Kh2 Qf4+ 35. g3 Qd2 36. a4 h5 37. h4 Qb2 38. a5 Qd2
39. a6 Qd3 40. Qb6 Qf5 41. Qd4+ Kh7 42. a7 Qf3 43. Qf4 Qb7 44. Qb8 Qf3 45. a8=Q
Qxf2+ 46. Qg2 1-0

[Event "NJSK 2019 Meisjes C"]
[Site "Assen, Netherlands"]
[Date "2019.05.03"]
[Round "6.9"]
[White "Ubbink, Anouk"]
[Black "Molanus, Eva"]
[Result "0-1"]
[WhiteElo "1304"]
[BlackElo "1268"]
[PlyCount "92"]
[EventDate "2019.??.??"]

1. e4 c5 2. d4 cxd4 3. c3 Nf6 4. cxd4 Nxe4 5. Nf3 d5 6. Bd3 Qa5+ 7. Bd2 Nxd2 8.
Nbxd2 Nc6 9. O-O Bg4 10. Nb3 Qb6 11. Be2 g6 12. h3 Bf5 13. Re1 Bg7 14. Bd3 Bxd3
15. Qxd3 O-O 16. Ne5 Nb4 17. Qd2 Bxe5 18. Rxe5 Rac8 19. Rxe7 Rc2 20. Qh6 Qf6
21. Qe3 Rxb2 22. Rxb7 Nc2 23. Qd2 Nxd4 24. Qxd4 Qxd4 25. Nxd4 Rb3 26. Rb5 Rxb5
27. Rc1 Rb7 28. Rd1 Rb2 29. a3 Rc8 30. Kf1 Rc4 31. g3 Ra4 32. Nc6 Rxa3 33. Ne7+
Kf8 34. Nxd5 Rf3 35. Nf4 Rfxf2+ 36. Kg1 Rfd2 37. Rc1 a5 38. Rc8+ Kg7 39. Rc1 a4
40. h4 a3 41. Nh3 a2 42. Kh1 Rb1 43. Rxb1 axb1=Q+ 44. Ng1 Qe4+ 45. Nf3 Qxf3+
46. Kg1 Qg2# 0-1

[Event "NJSK 2019 Meisjes C"]
[Site "Assen, Netherlands"]
[Date "2019.05.04"]
[Round "7.3"]
[White "Velasco, Kathleen"]
[Black "Cordes, Jule"]
[Result "1-0"]
[WhiteElo "1427"]
[BlackElo "1606"]
[PlyCount "45"]
[EventDate "2019.??.??"]

1. e4 e5 2. Nf3 Nc6 3. Bc4 Bc5 4. c3 Nf6 5. d4 exd4 6. cxd4 Bb4+ 7. Nc3 Nxe4 8.
O-O Bxc3 9. bxc3 d5 10. Re1 O-O 11. Bd3 Re8 12. Qc2 Nf6 13. Bg5 Rxe1+ 14. Rxe1
g6 15. Qe2 Bd7 16. Ne5 Be6 17. Qf3 Kg7 18. Bb5 Bf5 19. g4 Bc8 20. Bh6+ Kg8 21.
g5 Nxe5 22. Rxe5 c6 23. Qxf6 1-0